Personajes de Los Simpson - 4 - Estadísticas

Estadísticas generales
  • Esta prueba ha sido intentada 278 veces
  • La puntuación promedio es 6 de 20
Estadísticas de respuestas
Imagen Respuesta % Correcto
Disco Stu
92%
Snake
80%
Todd Flanders
76%
Rod Flanders
75%
Kent Brockman
48%
Pequeño Ayudante de Santa Claus
45%
Manjula Nahasapeemapetilon
40%
Capitán de barco / Horatio McCallister
34%
Troy McClure
29%
Brandine
23%
Tejano Rico
19%
Lionel Hutz
18%
Üter
17%
Rainier Wolfcastle
13%
Johnny Labios-sellados
11%
Jacqueline Bouvier
7%
Base de Datos
5%
Sr. Teeny
5%
Cookie Kwan
4%
Doris, la cocinera
4%
No se encontraron pruebas coincidentes
Distribución de puntuación
Porcentaje de gente con cada puntuación
Porcentaje por número respondido
Historial de tus puntuaciones
No has intentado esta prueba.